| 000 | 00755cam a2200229 a 4500 | ||
|---|---|---|---|
| 001 | 1143163 | ||
| 005 | 20180112035550.0 | ||
| 008 | 950420s1995 maua b 001 0 eng | ||
| 010 | _a 95018195 | ||
| 020 | _a0205167519 | ||
| 040 |
_aDLC _cDLC _dDLC |
||
| 041 | _aeng | ||
| 080 | _a809.892820711 BRO | ||
| 082 | 0 | 0 |
_a809.892820711 BRO _220 |
| 100 | 1 | _a47 | |
| 101 | _aEDU | ||
| 245 | 1 | 0 |
_aEssentials of children's literature / _cCarl M. Tomlinson, Carol Lynch-Brown. |
| 504 | _aIncludes bibliographical references and indexes. | ||
| 906 |
_a7 _bcbc _corignew _d1 _eocip _f19 _gy-gencatlg |
||
| 942 |
_2ddc _cBK |
||
| 999 |
_c40161 _d40161 |
||